| 000 | 00431pab a2200169 454500 | ||
|---|---|---|---|
| 008 | 180718b2007 xxu||||| |||| 00| 0 eng d | ||
| 100 | _aChoudhury, Anju | ||
| 245 | _aFocusing regional crop yield variation in Manipur | ||
| 260 | _c2007 | ||
| 300 | _ap.97-104. | ||
| 650 | _aCrops - India - Manipur | ||
| 650 | _aCrops | ||
| 700 | _aMitra, A. | ||
| 773 | _aIndian Journal of Regional Science | ||
| 908 | _aN | ||
| 909 | _a74696 | ||
| 999 |
_c74696 _d74696 |
||